Západ hľadá nové zbrane boja o textilné trhy

EÚ bola v r. 2002 najväčším exportérom textilných výrobkov na svete. Obrovská konkurencia najmä v rozvojových ekonomikách (Ázia). Koniec protekcionizmu. Výroba textilu a odevov v EÚ a vstup nových kandidátskych krajín v máji 2004 - zmeny s tým spojené. Európsky priemysel sa bude musieť zmenám prispô...

Descrizione completa

Salvato in:
Dettagli Bibliografici
Autore principale: Schönwiesner, Roman
Natura: Capitolo di libro
Lingua:slovacco
Soggetti:
Tags: Aggiungi Tag
Nessun Tag, puoi essere il primo ad aggiungerne!!

MARC

LEADER 00000naa$a2200000$$$4500
001 0003279
005 20230921115351.5
041 0 |a slo 
044 |a SK 
245 1 0 |a Západ hľadá nové zbrane boja o textilné trhy  |c aut. Roman Schönwiesner 
520 |a EÚ bola v r. 2002 najväčším exportérom textilných výrobkov na svete. Obrovská konkurencia najmä v rozvojových ekonomikách (Ázia). Koniec protekcionizmu. Výroba textilu a odevov v EÚ a vstup nových kandidátskych krajín v máji 2004 - zmeny s tým spojené. Európsky priemysel sa bude musieť zmenám prispôsobiť. Značky a kvalita. 
610 2 0 |a priemysel odevný 
610 2 0 |a priemysel textilný 
610 2 0 |a konkurencia 
610 2 0 |a mzdy 
610 2 0 |a značky výrobné 
610 2 0 |a kvalita 
610 2 0 |a Európska únia 
610 2 0 |a krajiny rozvojové 
610 2 0 |a 2002 
100 1 |a Schönwiesner, Roman